Rethinking English: (Record no. 38242)

000 -LEADER
fixed length control field 00478nam a22001691a 4500
020 ## - INTERNATIONAL STANDARD BOOK NUMBER
ISBN 9780195635638
082 ## - DEWEY DECIMAL CLASSIFICATION NUMBER
Classification number 824
Item number SWA/R
245 ## - TITLE STATEMENT
Title Rethinking English:
Sub Title essays in literature,language,history/
Statement of responsibility, etc by Svati Joshi (ed.)
260 ## - PUBLICATION, DISTRIBUTION, ETC. (IMPRINT)
Place of publication New Delhi:
Name of publisher Oxford University Press,
Year of publication 1994.
300 ## - PHYSICAL DESCRIPTION
Number of Pages 348p.
490 ## - SERIES STATEMENT
Series statement Oxford India Paperbacks
650 ## - SUBJECT ADDED ENTRY--TOPICAL TERM
Topical Term Essays English
650 ## - SUBJECT ADDED ENTRY--TOPICAL TERM
Topical Term Literature English
650 ## - SUBJECT ADDED ENTRY--TOPICAL TERM
Topical Term Literature
700 ## - ADDED ENTRY--PERSONAL NAME
Personal name Svati Joshi (ed.)
942 ## - ADDED ENTRY ELEMENTS (KOHA)
Koha item type Book
Holdings
Withdrawn status Lost status Damaged status Not for loan Permanent Location Current Location Shelving location Date acquired Cost, normal purchase price Full call number Accession Number Cost, replacement price Price effective from Koha item type
        Sree Sankaracharya University of Sanskrit Sree Sankaracharya University of Sanskrit Stacks 08.01.2015 145.00 824 SVA/R 007782 0.00 08.01.2015 Book